004600000a22001330004500090001700000245009700017041001400114700004200128700002900170100003600199942001300235773006100248999001700309 aASbSeriadas10aHallazgo de Laurembergia tetrandra () Kanitz () en Colombia0 aEspañol1 aFernández Alonso, José Luis946211 aBernal, Rodrigo G.937901 aMora Osejo, Luis Eduardo912168 cARTICULO1 tMutisia: Acta Botánica Colombiana3893h68q1-10d1988 c15293d15293